000 00568nam a22001697a 4500
003 NUST
038 _aNusrat Nadeem
082 _a200
100 _aHaider, Faizan Ali
_9126002
245 _aDesign, Standardization and Automation of Halifax Fan’s Quote to Cash process on SAP By Design/
_cFaizan Ali Haider,
264 _aIslamabad;
_bNBS NUST;
_c2024.
300 _a48,p;
_bill;
_c30,cm.
650 _aExecutive MBA
_9120079
700 _aSupervisor: Dr. Kamran Khalid
_9123059
856 _uhttp://10.250.8.41:8080/xmlui/handle/123456789/46747
942 _2ddc
_cSC
999 _c611745
_d611745